[Event "EU-ch U14 27th"]
[Site "Mamaia"]
[Date "2017.09.11"]
[Round "6"]
[White "Bonciu, David"]
[Black "Gherghel Butan, Mircea"]
[Result "1-0"]
[WhiteElo "1765"]
[BlackElo "1968"]
[PlyCount "79"]
[EventDate "2017.09.05"]
[EventType "swiss"]
[EventRounds "9"]
[EventCountry "ROU"]
[SourceTitle "CBM 180 Extra"]
[Source "ChessBase"]
[SourceDate "2017.10.06"]
[SourceVersion "1"]
[SourceVersionDate "2017.10.06"]
[SourceQuality "1"]

1. e4 c6 2. d4 d6 3. Nc3 e5 4. f4 Nf6 5. Nf3 exf4 6. Bxf4 Qb6 7. a3 Be7 8. Bc4 0-0 9. Bb3 Bg4 10. 0-0 Nbd7 11. Kh1 Rad8 12. Qe1 c5 13. e5 dxe5 14. dxe5 Bxf3 15. Rxf3 Nh5 16. Nd5 Qe6 17. Nf6+ gxf6 18. Bxe6 fxe6 19. Bh6 Rf7 20. exf6 Ndxf6 21. Rd1 Rxd1 22. Qxd1 Ng7 23. Bxg7 Rxg7 24. Rg3 Rxg3 25. hxg3 b5 26. Qe2 Kf7 27. Qxb5 e5 28. Qb7 e4 29. Qb3+ Kg7 30. Kg1 Bd6 31. Qb7+ Kg6 32. Qxa7 e3 33. Qa6 Ne4 34. Qd3 Kf5 35. Qxe3 c4 36. Qf3+ Ke5 37. Qh5+ Ke6 38. Qg4+ Kd5 39. Qf5+ Kd4 40. c3+ 1-0

[Event "ROM-ch U14"]
[Site "Baile Felix"]
[Date "2017.02.05"]
[Round "5"]
[White "Isfan, Ioan Marius"]
[Black "Gherghel Butan, Mircea"]
[Result "1-0"]
[WhiteElo "1958"]
[BlackElo "2006"]
[PlyCount "95"]
[EventDate "2017.02.02"]
[EventType "swiss"]
[EventRounds "9"]
[EventCountry "ROU"]
[SourceTitle "CBM 176 Extra"]
[Source "ChessBase"]
[SourceDate "2017.03.02"]
[SourceVersion "1"]
[SourceVersionDate "2017.03.02"]
[SourceQuality "1"]

1. d4 e6 2. Nf3 b6 3. c4 Bb7 4. Nc3 Nf6 5. Bg5 Be7 6. e3 0-0 7. Be2 h6 8. Bh4 d6 9. 0-0 Nbd7 10. Nd2 d5 11. Bf3 c6 12. Qb3 Ne4 13. Bxe7 Nxd2 14. Qa3 Nxc4 15. Bxd8 Nxa3 16. Be7 Nc2 17. Rac1 Rfe8 18. Bd6 Nxd4 19. exd4 Nf6 20. Rfe1 Red8 21. Be7 Rd7 22. Bxf6 gxf6 23. b4 Rc7 24. Na4 Rac8 25. Re3 Ba6 26. Be2 Bxe2 27. Rxe2 Kf8 28. Rec2 Ke7 29. f4 Kd6 30. Kf2 e5 31. Ke3 e4 32. g4 h5 33. gxh5 Rh8 34. b5 Rxh5 35. Rxc6+ Rxc6 36. Rxc6+ Kd7 37. Nc3 Rh3+ 38. Kf2 Rxh2+ 39. Kg3 Rd2 40. Nxd5 Rxd4 41. Ne3 Rd3 42. Kf2 Rd2+ 43. Ke1 Rxa2 44. Rxf6 Ra5 45. Rxf7+ Ke6 46. Rf5 Ra3 47. Re5+ Kd6 48. Nc4+ 1-0

[Event "ROM-ch U14"]
[Site "Baile Felix"]
[Date "2017.02.04"]
[Round "3"]
[White "Padurariu, Mihai Edward"]
[Black "Gherghel Butan, Mircea"]
[Result "1/2-1/2"]
[WhiteElo "1860"]
[BlackElo "2006"]
[PlyCount "120"]
[EventDate "2017.02.02"]
[EventType "swiss"]
[EventRounds "9"]
[EventCountry "ROU"]
[SourceTitle "CBM 176 Extra"]
[Source "ChessBase"]
[SourceDate "2017.03.02"]
[SourceVersion "1"]
[SourceVersionDate "2017.03.02"]
[SourceQuality "1"]

1. e4 Nf6 2. e5 Nd5 3. d4 d6 4. Nf3 g6 5. Bc4 Nb6 6. Bb3 Bg7 7. Qe2 0-0 8. h3 c5 9. dxc5 dxc5 10. 0-0 Qc7 11. Na3 a6 12. Bf4 e6 13. Nd2 Nc6 14. Rfe1 Nd7 15. Nf3 b5 16. c3 Bb7 17. Bc2 Ne7 18. Be4 Nd5 19. Bg3 c4 20. Nc2 Nc5 21. Bxd5 Bxd5 22. Ncd4 Nd3 23. Red1 Rfd8 24. Rxd3 cxd3 25. Qxd3 Rac8 26. Qe3 Bxf3 27. Nxf3 Qc5 28. Qf4 Qc4 29. Qe3 Rd3 30. Qa7 Qc6 31. Nd4 Qa8 32. Qb6 Bf8 33. Qa5 Bc5 34. Bh4 Bxd4 35. cxd4 Rxd4 36. Bf6 Qc6 37. Qa3 Rc4 38. Qe3 Qc5 39. Qh6 Qf8 40. Qe3 h6 41. Rd1 Kh7 42. Rd7 R4c7 43. Rd6 Rc6 44. Rd7 R6c7 45. Rd6 Rc5 46. Rxa6 Rc1+ 47. Kh2 Qc5 48. Qf3 Qd5 49. Qa3 Qe4 50. Qg3 Qb1 51. Qe3 Qxb2 52. Rd6 Qb4 53. Rd4 R1c4 54. Rd7 R4c7 55. Rd4 Qf8 56. Rd6 Rc5 57. Rd7 Rd5 58. Rb7 Rb8 59. Rc7 Rc8 60. Rb7 Rb8 1/2-1/2

[Event "ROM-ch U14"]
[Site "Baile Felix"]
[Date "2017.02.03"]
[Round "2"]
[White "Gherghel Butan, Mircea"]
[Black "Bonciu, David"]
[Result "1-0"]
[WhiteElo "2006"]
[BlackElo "1744"]
[PlyCount "117"]
[EventDate "2017.02.02"]
[EventType "swiss"]
[EventRounds "9"]
[EventCountry "ROU"]
[SourceTitle "CBM 176 Extra"]
[Source "ChessBase"]
[SourceDate "2017.03.02"]
[SourceVersion "1"]
[SourceVersionDate "2017.03.02"]
[SourceQuality "1"]

1. d4 d5 2. Bf4 Nf6 3. Nf3 Bf5 4. Nbd2 e6 5. c4 c6 6. Qb3 Qb6 7. c5 Qxb3 8. axb3 Nbd7 9. h3 h6 10. e3 Be7 11. b4 0-0 12. b5 cxb5 13. Bxb5 a6 14. Be2 Ne4 15. 0-0 g5 16. Bh2 Kh7 17. g4 Bg6 18. Nxe4 dxe4 19. Nd2 f5 20. Nc4 f4 21. Na5 e5 22. Nxb7 exd4 23. exd4 Bf7 24. Bxa6 Bd5 25. Bb5 Bxb7 26. Bxd7 Bf6 27. c6 Ba6 28. Rfd1 Bd3 29. Rxa8 Rxa8 30. c7 Ba6 31. Bf5+ Kg7 32. Bxe4 Rc8 33. Rc1 Bxd4 34. Bf5 Re8 35. c8Q Bxc8 36. Bxc8 Bxb2 37. Rc2 Re1+ 38. Kg2 Be5 39. f3 Bd4 40. Ba6 Be3 41. Bf1 h5 42. Bg1 Bxg1 43. Kxg1 hxg4 44. hxg4 Re5 45. Rc6 Re3 46. Kf2 Ra3 47. Bc4 Re3 48. Bd5 Ra3 49. Be4 Ra2+ 50. Ke1 Ra1+ 51. Kd2 Ra5 52. Kd3 Kf7 53. Kd4 Kg7 54. Rc5 Ra4+ 55. Ke5 Ra6 56. Rc7+ Kf8 57. Kf5 Ra5+ 58. Kf6 Ra6+ 59. Kxg5 1-0

[Event "EU-ch U14 26th"]
[Site "Prague"]
[Date "2016.08.22"]
[Round "5"]
[White "Vodila, Martin Botond"]
[Black "Gherghel Butan, Mircea"]
[Result "1/2-1/2"]
[WhiteElo "2047"]
[BlackElo "1892"]
[PlyCount "39"]
[EventDate "2016.08.18"]
[EventType "swiss"]
[EventRounds "9"]
[EventCountry "CZE"]
[SourceTitle "CBM 174 Extra"]
[Source "ChessBase"]
[SourceDate "2016.10.10"]
[SourceVersion "1"]
[SourceVersionDate "2016.10.10"]
[SourceQuality "1"]

1. e4 Nf6 2. Nc3 d5 3. exd5 Nxd5 4. Bc4 c6 5. Qf3 e6 6. Nge2 Nd7 7. d4 b5 8. Nxd5 exd5 9. Bd3 Nf6 10. h3 g6 11. Bg5 Bg7 12. Qe3+ Qe7 13. Qxe7+ Kxe7 14. 0-0 Re8 15. Ng3 Kf8 16. Rae1 Bd7 17. Bd2 h5 18. Rxe8+ Rxe8 19. Re1 Rxe1+ 20. Bxe1 1/2-1/2

[Event "SUI-ch U14"]
[Site "Kreuzlingen"]
[Date "2016.07.01"]
[Round "3"]
[White "Tezayak, Matthias"]
[Black "Gherghel Butan, Mircea"]
[Result "1/2-1/2"]
[WhiteElo "1813"]
[BlackElo "1880"]
[PlyCount "63"]
[EventDate "2016.06.30"]
[EventType "swiss"]
[EventRounds "7"]
[EventCountry "SUI"]
[SourceTitle "EXT 2017"]
[Source "ChessBase"]
[SourceDate "2016.10.25"]
[SourceVersion "1"]
[SourceVersionDate "2016.10.25"]
[SourceQuality "1"]

1. e4 Nf6 2. e5 Nd5 3. c4 Nb6 4. d4 d6 5. exd6 cxd6 6. Nc3 g6 7. Be3 Bg7 8. Rc1 0-0 9. b3 Nc6 10. d5 Ne5 11. Be2 Re8 12. f4 Ned7 13. Nf3 Nf6 14. Nd4 e6 15. dxe6 Bxe6 16. Nxe6 Rxe6 17. Bf2 Ng4 18. 0-0 Ne3 19. Bxe3 Rxe3 20. Qd2 Qe7 21. Bf3 Rd8 22. Nd5 Nxd5 23. Qxd5 b6 24. Rcd1 Bf8 25. Qd2 Bh6 26. Qd4 Bg7 27. Qd5 Bh6 28. Qd4 Bg7 29. Qd5 Bh6 30. Qd4 Bg7 31. Qd5 Bh6 32. Qd4 1/2-1/2

[Event "Stein am Rhein op 5th"]
[Site "Stein am Rhein"]
[Date "2016.01.31"]
[Round "5"]
[White "Chennaoui, Yasin"]
[Black "Gherghel Butan, Mircea"]
[Result "1/2-1/2"]
[WhiteElo "1765"]
[BlackElo "1738"]
[PlyCount "85"]
[EventDate "2016.01.29"]
[EventType "swiss"]
[EventRounds "5"]
[EventCountry "SUI"]
[SourceTitle "CBM 170 Extra"]
[Source "ChessBase"]
[SourceDate "2016.02.25"]
[SourceVersion "1"]
[SourceVersionDate "2016.02.25"]
[SourceQuality "1"]

1. Nf3 Nf6 2. d4 e6 3. c4 Be7 4. Nc3 d5 5. h3 0-0 6. Bf4 a6 7. e3 c5 8. Be2 Nc6 9. dxc5 Bxc5 10. 0-0 dxc4 11. Bxc4 Qxd1 12. Rfxd1 b5 13. Be2 Bb7 14. Bd6 Bxd6 15. Rxd6 Rfd8 16. Rad1 Rxd6 17. Rxd6 Rd8 18. Rxd8+ Nxd8 19. Nd2 Kf8 20. Kf1 Ke7 21. Bf3 Bxf3 22. Nxf3 Nc6 23. Ke2 h6 24. Nd4 Kd6 25. Nxc6 Kxc6 26. Kd3 Kc5 27. b3 Kb4 28. Nb1 a5 29. Kc2 Ne4 30. a3+ Kc5 31. f3 Ng3 32. Kd3 Nf5 33. g4 Nd6 34. Nd2 f6 35. Ne4+ Nxe4 36. Kxe4 a4 37. bxa4 bxa4 38. Kd3 f5 39. h4 g6 40. h5 gxh5 41. gxh5 e5 42. e4 fxe4+ 43. fxe4 1/2-1/2

[Event "ROM-ch U12"]
[Site "Calimanesti"]
[Date "2015.04.05"]
[Round "8"]
[White "Sarighioleanu, Sebastian Laurentiu"]
[Black "Gherghel Butan, Mircea"]
[Result "1-0"]
[WhiteElo "1591"]
[BlackElo "1741"]
[PlyCount "57"]
[EventDate "2015.03.30"]
[EventType "swiss"]
[EventRounds "9"]
[EventCountry "ROU"]
[SourceTitle "CBM 165 Extra"]
[Source "ChessBase"]
[SourceDate "2015.04.21"]
[SourceVersion "1"]
[SourceVersionDate "2015.04.21"]
[SourceQuality "1"]

1. e4 c6 2. d4 d5 3. Nc3 dxe4 4. Nxe4 Bf5 5. Ng3 Bg6 6. Nf3 Nd7 7. Bd3 Bxd3 8. Qxd3 e6 9. 0-0 Ngf6 10. c4 Be7 11. b3 0-0 12. Bb2 a5 13. Rfe1 a4 14. h3 axb3 15. axb3 Qb6 16. Ne5 Rxa1 17. Rxa1 Rd8 18. Qf3 Nxe5 19. dxe5 Ne8 20. Ne4 Qc7 21. c5 b6 22. Nd6 Bxd6 23. cxd6 Qd7 24. b4 g6 25. Bd4 Rb8 26. Rc1 f6 27. exf6 Nxd6 28. Qxc6 Qc8 29. Be5 1-0

[Event "ROM-ch U12"]
[Site "Calimanesti"]
[Date "2015.04.03"]
[Round "6"]
[White "Ghimpu, Samuel Timotei"]
[Black "Gherghel Butan, Mircea"]
[Result "1/2-1/2"]
[WhiteElo "1551"]
[BlackElo "1741"]
[PlyCount "78"]
[EventDate "2015.03.30"]
[EventType "swiss"]
[EventRounds "9"]
[EventCountry "ROU"]
[SourceTitle "CBM 165 Extra"]
[Source "ChessBase"]
[SourceDate "2015.04.21"]
[SourceVersion "1"]
[SourceVersionDate "2015.04.21"]
[SourceQuality "1"]

1. Nf3 d5 2. d4 Nf6 3. g3 e6 4. Bg2 c5 5. e3 Nc6 6. 0-0 Be7 7. Nbd2 0-0 8. c3 b6 9. Re1 Bb7 10. h3 Rc8 11. Nb3 cxd4 12. exd4 b5 13. Nc5 Bxc5 14. dxc5 Na5 15. b4 Nc4 16. Nd4 a6 17. g4 Ne4 18. Bxe4 dxe4 19. a4 e5 20. Nf5 g6 21. Ng3 Qd3 22. Bh6 Rfd8 23. Qe2 Qxc3 24. axb5 axb5 25. Ra7 Bc6 26. h4 e3 27. Bxe3 Nxe3 28. Qxe3 Rd3 29. Qxe5 Rxg3+ 30. fxg3 Qf3 31. Re2 Qh1+ 32. Kf2 Qg2+ 33. Ke3 Qf3+ 34. Kd2 Rd8+ 35. Kc1 Qf1+ 36. Kb2 Rd1 37. Qb8+ Kg7 38. Qe5+ Kg8 39. Qb8+ Kg7 1/2-1/2

[Event "ROM-ch U12"]
[Site "Calimanesti"]
[Date "2015.04.02"]
[Round "5"]
[White "Gherghel Butan, Mircea"]
[Black "Sarbu, Zeno Iulius"]
[Result "1-0"]
[WhiteElo "1741"]
[BlackElo "1373"]
[PlyCount "121"]
[EventDate "2015.03.30"]
[EventType "swiss"]
[EventRounds "9"]
[EventCountry "ROU"]
[SourceTitle "CBM 165 Extra"]
[Source "ChessBase"]
[SourceDate "2015.04.21"]
[SourceVersion "1"]
[SourceVersionDate "2015.04.21"]
[SourceQuality "1"]

1. b3 d5 2. Bb2 c5 3. e3 Nc6 4. Nf3 e6 5. Be2 Nf6 6. 0-0 Be7 7. d4 0-0 8. c4 b6 9. Nc3 Bb7 10. cxd5 exd5 11. dxc5 Bxc5 12. Na4 Be7 13. Nd4 Qd7 14. Rc1 Rac8 15. Bb5 Qd6 16. Nf5 Qe6 17. Nxe7+ Nxe7 18. Qf3 Ng6 19. Bxf6 gxf6 20. Bd3 Kg7 21. Qg3 Qe5 22. Qf3 Qg5 23. Bf5 Rb8 24. Qg4 h5 25. Qh3 d4 26. Bxg6 Qxg6 27. exd4 Rg8 28. Qg3 Kh7 29. Qxg6+ Rxg6 30. g3 Rg4 31. Rc7 Kg7 32. Rd7 Kf8 33. Re1 Bc6 34. Rd6 Rc8 35. d5 Bxa4 36. bxa4 Rxa4 37. Rxf6 Rd8 38. Rd1 b5 39. Rd2 b4 40. Rh6 Ra3 41. Rxh5 a5 42. Re5 a4 43. Rb2 b3 44. axb3 axb3 45. Re3 Rb8 46. d6 Rd8 47. Rexb3 Ra1+ 48. Rb1 Rxb1+ 49. Rxb1 Rxd6 50. Rb5 Kg7 51. Kg2 Kg6 52. g4 f6 53. Kg3 Rd3+ 54. f3 Rd2 55. h4 Rd8 56. h5+ Kh6 57. Rf5 Kg7 58. Ra5 Kh6 59. Ra7 f5 60. Ra6+ Kg5 61. f4# 1-0

[Event "San Bernardino op"]
[Site "San Bernardino"]
[Date "2014.10.05"]
[Round "5"]
[White "Alessandro, Sergio"]
[Black "Gherghel Butan, Mircea"]
[Result "1/2-1/2"]
[WhiteElo "1664"]
[BlackElo "1592"]
[PlyCount "66"]
[EventDate "2014.10.03"]
[EventType "swiss"]
[EventRounds "5"]
[EventCountry "SUI"]
[SourceTitle "CBM 163 Extra"]
[Source "ChessBase"]
[SourceDate "2014.12.23"]
[SourceVersion "1"]
[SourceVersionDate "2014.12.23"]
[SourceQuality "1"]

1. b4 d5 2. Bb2 e6 3. e3 Nf6 4. b5 c5 5. c4 a5 6. Nf3 b6 7. Be2 Bb7 8. 0-0 Nbd7 9. d4 Be7 10. Nbd2 0-0 11. Qc2 Ne4 12. Bd3 Ndf6 13. Rfc1 Nxd2 14. Nxd2 Ne4 15. Nxe4 dxe4 16. Bxe4 Bxe4 17. Qxe4 Bf6 18. a4 Qc7 19. Rab1 Rad8 20. Ba3 Be7 21. d5 exd5 22. cxd5 Rfe8 23. Qc4 Bd6 24. g3 Re5 25. Bb2 Rg5 26. f4 Rg6 27. Rf1 h5 28. Rf3 Re8 29. Rbf1 f5 30. Bc1 Re4 31. Qc2 Qf7 32. Rd1 Bc7 33. Bb2 Bd6 1/2-1/2

[Event "San Bernardino op"]
[Site "San Bernardino"]
[Date "2014.10.03"]
[Round "1"]
[White "Boschetti, Claudio"]
[Black "Gherghel Butan, Mircea"]
[Result "1-0"]
[WhiteElo "2109"]
[BlackElo "1592"]
[PlyCount "73"]
[EventDate "2014.10.03"]
[EventType "swiss"]
[EventRounds "5"]
[EventCountry "SUI"]
[SourceTitle "CBM 163 Extra"]
[Source "ChessBase"]
[SourceDate "2014.12.23"]
[SourceVersion "1"]
[SourceVersionDate "2014.12.23"]
[SourceQuality "1"]

1. e4 c6 2. d4 d5 3. Nc3 dxe4 4. Nxe4 Bf5 5. Ng3 Bg6 6. Nf3 Nd7 7. Bd3 Bxd3 8. Qxd3 e6 9. 0-0 Ngf6 10. c4 Be7 11. b3 0-0 12. Bb2 Rc8 13. Rad1 Nb6 14. Qe2 Qc7 15. a3 c5 16. Rfe1 cxd4 17. Nxd4 Rfe8 18. Nb5 Qb8 19. Be5 Qa8 20. Nc7 Rxc7 21. Bxc7 Qc8 22. Be5 Nbd7 23. Bb2 Nf8 24. b4 Ng6 25. c5 a5 26. Ne4 Nxe4 27. Qxe4 axb4 28. axb4 Bf6 29. Bxf6 gxf6 30. g3 Qc6 31. Qxc6 bxc6 32. f4 Ne7 33. Rd7 Nd5 34. b5 Rc8 35. b6 Kf8 36. Ra1 Ke8 37. Raa7 1-0

[Event "Lesa op-B 3rd"]
[Site "Lesa"]
[Date "2014.09.20"]
[Round "3"]
[White "Maffeo, Mauro"]
[Black "Gherghel Butan, Mircea"]
[Result "0-1"]
[WhiteElo "1710"]
[BlackElo "1589"]
[PlyCount "79"]
[EventDate "2014.09.19"]
[EventType "swiss"]
[EventRounds "5"]
[EventCountry "ITA"]
[SourceTitle "EXT 2016"]
[Source "ChessBase"]
[SourceDate "2015.10.08"]
[SourceVersion "1"]
[SourceVersionDate "2015.10.08"]
[SourceQuality "1"]

1. d4 d5 2. e3 Nf6 3. f4 Bg4 4. Nf3 Ne4 5. Bd3 e6 6. 0-0 Be7 7. Nbd2 f5 8. Qe1 Nd7 9. Ne5 Nxe5 10. fxe5 0-0 11. Nf3 c6 12. c4 Rc8 13. c5 b6 14. b4 bxc5 15. dxc5 Bxf3 16. Rxf3 Rb8 17. a3 h6 18. Bxe4 fxe4 19. Rh3 Bg5 20. Qe2 Qc7 21. Bb2 Rf5 22. Rf1 Rbf8 23. Rxf5 Rxf5 24. g4 Rf7 25. Bd4 Qe7 26. b5 Bh4 27. bxc6 Rf2 28. Qd1 Ra2 29. c7 Bf2+ 30. Kh1 Qxc7 31. Qb3 Qa5 32. Bc3 Qxa3 33. Qxa3 Rxa3 34. Bd4 Ra2 35. Rh5 Re2 36. Rh3 h5 37. Bc3 Rxe3 38. Rxe3 Bxe3 39. c6 Bb6 40. Bb4 0-1

[Event "SUI-ch U12"]
[Site "Cham"]
[Date "2014.07.04"]
[Round "3"]
[White "Gherghel Butan, Mircea"]
[Black "Fischer, Daniel1111"]
[Result "1/2-1/2"]
[WhiteElo "1751"]
[BlackElo "1762"]
[PlyCount "66"]
[EventDate "2014.07.03"]
[EventType "swiss"]
[EventRounds "7"]
[EventCountry "SUI"]
[SourceTitle "CBM 161 Extra"]
[Source "ChessBase"]
[SourceDate "2014.08.29"]
[SourceVersion "1"]
[SourceVersionDate "2014.08.29"]
[SourceQuality "1"]

1. b3 d5 2. Bb2 c5 3. e3 Nf6 4. c4 e6 5. Nf3 Nc6 6. d4 cxd4 7. Nxd4 Bb4+ 8. Bc3 Qa5 9. Bxb4 Nxb4 10. Nd2 Ne4 11. a3 Nc6 12. b4 Qb6 13. Nxe4 Nxd4 14. Qxd4 Qxd4 15. exd4 dxe4 16. Be2 0-0 17. 0-0 Rd8 18. Rfd1 Rd6 19. f4 f6 20. Kf2 a6 21. Ke3 f5 22. c5 Rd8 23. Bc4 Kf7 24. d5 Bd7 25. Rd2 Ke7 26. d6+ Kf6 27. Rg1 h5 28. h4 g6 29. g3 Ba4 30. Rb1 Bb5 31. Bxb5 axb5 32. Ra1 Ra4 33. Ke2 Rd7 1/2-1/2

[Event "Ascona op 9th"]
[Site "Ascona"]
[Date "2014.04.06"]
[Round "5"]
[White "Gherghel Butan, Mircea"]
[Black "Hiller, Kai"]
[Result "1-0"]
[WhiteElo "1573"]
[BlackElo "1400"]
[PlyCount "95"]
[EventDate "2014.04.04"]
[EventType "swiss"]
[EventRounds "5"]
[EventCountry "SUI"]
[SourceTitle "CBM 160 Extra"]
[Source "ChessBase"]
[SourceDate "2014.07.01"]
[SourceVersion "1"]
[SourceVersionDate "2014.07.01"]
[SourceQuality "1"]

1. d4 d5 2. Nf3 Nf6 3. c4 e6 4. Nc3 Nc6 5. Bg5 Be7 6. e3 0-0 7. Be2 b6 8. 0-0 Ba6 9. cxd5 Bxe2 10. Nxe2 exd5 11. Bxf6 Bxf6 12. Rc1 Ne7 13. Rc2 c6 14. Qd2 Rc8 15. Rfc1 Qd6 16. b4 a6 17. a3 Rc7 18. Ne1 Rfc8 19. Nd3 h6 20. Ng3 g6 21. h3 Kg7 22. Nf1 Ra8 23. a4 Rac8 24. Nh2 h5 25. Nf3 Nf5 26. Rb1 Rb8 27. Rbc1 Rbc8 28. a5 b5 29. Nde5 Bxe5 30. Nxe5 Ne7 31. Rc3 f6 32. Nd3 g5 33. Rc5 h4 34. Qe2 Ng6 35. Qg4 Ne7 36. f4 Qd7 37. fxg5 Qxg4 38. gxf6+ Kxf6 39. hxg4 Kg5 40. Ne5 Ng6 41. Rxc6 Rxc6 42. Rxc6 Rxc6 43. Nxc6 Kxg4 44. Nb8 Kg3 45. Nxa6 h3 46. gxh3 Kf3 47. Nc7 Kxe3 48. a6 1-0

[Event "Stein am Rhein op 2nd"]
[Site "Stein am Rhein"]
[Date "2014.03.01"]
[Round "2"]
[White "Ninov, Nikolai"]
[Black "Gherghel Butan, Mircea"]
[Result "1-0"]
[WhiteElo "2476"]
[BlackElo "1512"]
[PlyCount "94"]
[EventDate "2014.02.28"]
[EventType "swiss"]
[EventRounds "5"]
[EventCountry "SUI"]
[SourceTitle "CBM 159 Extra"]
[Source "ChessBase"]
[SourceDate "2014.04.24"]
[SourceVersion "1"]
[SourceVersionDate "2014.04.24"]
[SourceQuality "1"]

1. e4 c6 2. Nc3 d5 3. Nf3 Bg4 4. h3 Bh5 5. exd5 cxd5 6. Bb5+ Nc6 7. g4 Bg6 8. Ne5 Rc8 9. d4 e6 10. Qe2 Bd6 11. Nxg6 hxg6 12. Nxd5 Nge7 13. Nxe7 Bxe7 14. c3 a6 15. Bd3 Bg5 16. Bxg5 Qxg5 17. Qe3 Qxe3+ 18. fxe3 Ke7 19. Kf2 Rcd8 20. h4 Ne5 21. Be2 Nd7 22. a4 Nf6 23. a5 Rc8 24. Bf3 Rc7 25. Ra4 Rhc8 26. Rb4 Nd5 27. Rb3 Rh8 28. Ke2 Rd8 29. Kd3 Rdd7 30. g5 Kf8 31. Ra1 Ne7 32. Ra4 Nf5 33. h5 gxh5 34. Bxh5 Ne7 35. Bf3 Nc6 36. Bxc6 Rxc6 37. Rab4 Rcc7 38. e4 f6 39. gxf6 gxf6 40. Rc4 Ke7 41. Rxc7 Rxc7 42. Rb6 Rd7 43. b4 Rc7 44. c4 Kd7 45. d5 exd5 46. exd5 f5 47. Rf6 Rc8 1-0

[Event "ROM-ch U14"]
[Site "Calimanesti"]
[Date "2013.04.06"]
[Round "7"]
[White "Gherghel Butan, Mircea"]
[Black "Istrate, George"]
[Result "0-1"]
[WhiteElo "1311"]
[BlackElo "1327"]
[PlyCount "92"]
[EventDate "2013.04.02"]
[EventType "swiss"]
[EventRounds "9"]
[EventCountry "ROU"]
[SourceTitle "CBM 153 Extra"]
[Source "ChessBase"]
[SourceDate "2013.04.22"]
[SourceVersion "1"]
[SourceVersionDate "2013.04.22"]
[SourceQuality "1"]

1. e4 e5 2. Nf3 Nc6 3. Bb5 a6 4. Ba4 Nf6 5. 0-0 Be7 6. Re1 b5 7. Bb3 0-0 8. c3 d5 9. exd5 Nxd5 10. d4 exd4 11. Nxd4 Bb7 12. Nxc6 Bxc6 13. Bxd5 Bxd5 14. Bf4 Bd6 15. Bxd6 Qxd6 16. Na3 Rad8 17. Qg4 Be6 18. Qd1 Rd7 19. b3 Rfd8 20. Qxd6 Rxd6 21. Nc2 c5 22. Ne3 Rd3 23. Red1 Rxd1+ 24. Rxd1 Rxd1+ 25. Nxd1 a5 26. f3 Bf5 27. a3 Bc2 28. Nb2 Bxb3 29. Nd3 c4 30. Nc5 Kf8 31. Kf2 Ke7 32. Ke3 Kd6 33. Kd4 Bc2 34. Nb7+ Kc7 35. Nxa5 Kb6 36. Nxc4+ bxc4 37. Kxc4 Kc6 38. Kb4 g5 39. g3 f5 40. f4 gxf4 41. gxf4 h5 42. c4 Bd3 43. h4 Kb6 44. a4 Be2 45. a5+ Kc6 46. c5 Bb5 0-1